Pays frontaliers de la chine - Statistiques

Statistiques générales
  • Ce quiz a été pris 37 fois
  • Le résultat moyen est 12 sur 14
Statistiques - réponses
Pays % Correct
Coréedunord
97%
Russie
97%
inde
94%
Kazakhstan
91%
Mongolie
91%
Népal
88%
Kirghizistan
85%
Pakistan
85%
VietNam
79%
Laos
76%
Bhoutan
74%
Birmanie
74%
Tadjikistan
74%
Afghanistan
68%
Aucun quiz correspondant
Distribution des résultats
% des personnes avec chaque résultat
Percentile par nombre de réponses
Votre historique - résultats
Vous n’avez pas pris ce quiz